| 000 | 00830nam a22002177a 4500 | ||
|---|---|---|---|
| 999 |
_c4358 _d4358 |
||
| 003 | AR-CdUCM | ||
| 008 | 190308b ||||| |||| 00| 0 spa d | ||
| 040 |
_aMUNICIPALIDAD PROVINCIAL DEL CUSCO _cBIBLIOTECA MUNICIPAL DEL CUSCO |
||
| 082 |
_a796.485 / _bS18 |
||
| 100 |
_aSalazar Canaval, Teodoro _913761 |
||
| 245 | _aAtletismo peruano / | ||
| 260 |
_aLima : _bSalesiana, _c1990. |
||
| 300 |
_a352 páginas ; _bfotografías. _c20 cm. |
||
| 505 | _aReseña histórica -- Orígenes del atletismo peruano -- Sinchi Roca el primer atleta -- Competencias desde 1887 -- Los jueces apóstoles del deporte base -- El único título sudamericano... | ||
| 650 |
_aAtletismo. _913537 |
||
| 650 |
_aHistoria del atletismo. _913762 |
||
| 650 |
_aPerú. _935 |
||
| 650 |
_aDeportes. _913763 |
||
| 942 |
_2ddc _cLIBROS |
||
| 945 |
_awfj _d2019-03-08 |
||